Catálogo público

Estabilización de durazno por el método de factores combinados (Record no. 22641)

MARC details
000 -CABECERA
campo de control de longitud fija 00918cam a22002897a 4500
003 - IDENTIFICADOR DEL NÚMERO DE CONTROL
campo de control CHAP
005 - FECHA Y HORA DE LA ÚLTIMA TRANSACCIÓN
campo de control 20220329134604.0
008 - DATOS DE LONGITUD FIJA--INFORMACIÓN GENERAL
campo de control de longitud fija 971013s r 00010 d
010 ## - NÚMERO DE CONTROL DE LA BIBLIOTECA DEL CONGRESO
Número de control de LC 22641
011 ## - ENLACE DEL NUMERO DE CONTROL DE LA BIBLIOTECA DEL CONGRESO [OBSOLETO]
Número de control de LC 23613
035 ## - NÚMERO DE CONTROL DEL SISTEMA
Número de control de sistema 27709
040 ## - FUENTE DE LA CATALOGACIÓN
Centro/agencia transcriptor CHAP
090 ## - LOCALMENTE ASIGNADO TIPO-LC NÚMERO DE CLASIFICACIÓN (OCLC); NÚMERO DE CLASIFICACIÓN LOCAL (RLIN)
Número de clasificación (OCLC) (R) ; Numero de clasificación, CALL (RLIN) (NR) R-3054
100 00 - ENTRADA PRINCIPAL--NOMBRE DE PERSONA
Nombre de persona Avena, R.
9 (RLIN) 8558
245 #0 - MENCIÓN DE TÍTULO
Título Estabilización de durazno por el método de factores combinados
500 ## - NOTA GENERAL
Nota general Sobretiro de: Boletín de Divulgación de los Grupos Mexicanos No. 1: 3-9, 1988
590 ## - NOTA LOCAL (RLIN)
Nota local BATCH-UPD
Procedencia (VM) [OBSOLETO] 10
Condición del los carretes individuales (VM) [OBSOLETO] 20130110
-- UCH01
-- 0028
590 ## - NOTA LOCAL (RLIN)
Nota local BATCH-UPD
Procedencia (VM) [OBSOLETO] 10
Condición del los carretes individuales (VM) [OBSOLETO] 20130110
-- UCH01
-- 2328
590 ## - NOTA LOCAL (RLIN)
Nota local CONVERSION
Procedencia (VM) [OBSOLETO] 10
Condición del los carretes individuales (VM) [OBSOLETO] 20130109
-- UCH01
-- 1313
650 14 - PUNTO DE ACCESO ADICIONAL DE MATERIA--TÉRMINO DE MATERIA
Término de materia o nombre geográfico como elemento de entrada Durazno
Subdivisión general Procesado.
9 (RLIN) 34622
700 0# - PUNTO DE ACCESO ADICIONAL--NOMBRE DE PERSONA
Nombre de persona Leyva, J.
9 (RLIN) 66596
700 0# - PUNTO DE ACCESO ADICIONAL--NOMBRE DE PERSONA
Nombre de persona Merson, R.
9 (RLIN) 75036
790 ## -
-- Programa de Ciencia y Tecnología para el Desarrollo V Centernario CYTED
901 ## - ELEMENTOS DE DATOS A LOCAL LDA (RLIN)
a BK
942 ## - ELEMENTOS DE PUNTO DE ACCESO ADICIONAL (KOHA)
Tipo de ítem Koha Reimpreso
949 ## - PROCESAMIENTO DE INFORMACIÓN LOCAL (OCLC)
b BC
c R
d -64172
e TS1
i 27709
s i
Holdings
Estado de retiro Estado de pérdida Estado dañado Restricciones de uso No para préstamo Código de colección Localización permanente Ubicación/localización actual Ubicación en estantería Fecha de adquisición Información codificada de la localización en otra ubicación Total de préstamos Código de barras Fecha visto por última vez Precio válido a partir de Tipo de ítem Koha Nota pública
      Préstamo interno2 Excluido de préstamo Reimpresos Biblioteca Central Biblioteca Central Planta alta - Área de Tesis - Reimpresos 17/12/2012 REIMP   -64172 31/12/2019 31/12/2019 Reimpreso Recien adquirido